000 00472nam a2200181Ia 4500
001 11346
005 20260306162821.0
008 260306t1998||||xx |||||||||||||| ||spa||
041 _aESP
082 _a985.032
_bG52
100 _aGlave, Luis Miguel
_eAUT
245 0 _aDe rosa y espinas:
_beconomía, sociedad y mentalidades andinas, siglo XVII
260 _c1998
300 _a387 páginas :
_c20 cm.
650 _aGEN
654 _aCHU
942 _cLIB
_dJUS
_fJUS
_2ddc
_n
999 _c11346
_d11346